Vybrané problémy z controllingu

Teoretické vymedzenie controllingu a definovanie controllingu. Funkcie controllingu a základné úlohy controllingu a controllera. Postavenie controllingu v organizačnej štruktúre podniku. Existujúce problémy, brzdiace zavedenie controllingu do podniku.

Uložené v:
Podrobná bibliografia
Hlavný autor: Foltínová, Alžbeta
Médium: Kapitola
Jazyk:Slovak
Predmet:
Tagy: Pridať tag
Žiadne tagy, Buďte prvý, kto otaguje tento záznam!

MARC

LEADER 00000nla a2200000 4500
001 0199341
005 20240417075055.6
041 0 |a slo 
044 |a SK 
245 1 0 |a Vybrané problémy z controllingu  |c Alžbeta Foltínová 
520 |a Teoretické vymedzenie controllingu a definovanie controllingu. Funkcie controllingu a základné úlohy controllingu a controllera. Postavenie controllingu v organizačnej štruktúre podniku. Existujúce problémy, brzdiace zavedenie controllingu do podniku. 
610 2 0 |a podnik poľnohospodársky 
610 2 0 |a riadenie 
610 2 0 |a organizácia podniku 
610 2 0 |a kontroling 
610 2 0 |a controller 
610 2 0 |a procesy podnikové 
100 1 |a Foltínová, Alžbeta